000 00660nam a22001817a 4500
999 _c170642
_d170642
005 20191218164036.0
010 _aA-998594
020 _c200.00
035 _aA-998594
037 _bBPPD/Pub.
082 _a846
245 _aحدیث یا راں /
_cمنیر الد ین احمد [اور] سید احمد سعید حمدانی
246 _aHadees-E-Yaran (Urdu) /
_bby Munir D. Ahmed [and] Syed Ahmed Saeed Hamdani
260 _aدہلی
_bمعیار پبلی کیشنز
_c1989 ء
270 _aکے-302/ تاج انکلیو ، گیتا کالونی
_bدہلی
_e110031
300 _a400p.
_c21cm(Hb)
942 _2ddc
_cUR
_h846
_mم ن ی